Габброидные формации Западной Монголии

Dades bibliogràfiques
Autor corporatiu: Академия наук СССР (АН СССР) Сибирское отделение (СО) Институт геологии и геофизики (ИГиГ), Академия наук Монгольской Народной Республики (АН МНР) Геологический институт
Altres autors: Изох А. Э. Андрей Эмильевич (редактор), Поляков Г. В. Глеб Владимирович, Кривенко А. П. Александр Петрович, Богнибов В. И., Баярбилэг Л., Кутолин В. А. Владислав Алексеевич
Sumari:Авт. указаны на обороте тит. л.
Idioma:rus
Publicat: Новосибирск, Наука, 1990
Col·lecció:Совместная советско-монгольская научно-исследовательская геологическая экспедиция Вып. 46
Matèries:
Format: MixedMaterials Llibre
KOHA link:https://koha.lib.tpu.ru/cgi-bin/koha/opac-detail.pl?biblionumber=221231

MARC

LEADER 00000nam0a2200000 4500
001 221231
005 20231101230403.0
010 |a 5020288276 
020 |a RU  |b 90-12004ж 
035 |a (RuTPU)RU\TPU\book\241376 
090 |a 221231 
100 |a 20120907d1990 k y0rusy5003 ca 
101 0 |a rus 
102 |a RU 
105 |a a z 001zy 
200 1 |a Габброидные формации Западной Монголии  |f А. Э. Изох [и др.]  |g Академия наук СССР (АН СССР), Сибирское отделение (СО), Институт геологии и геофизики (ИГиГ) ; Академия наук Монгольской Народной Республики (АН МНР), Геологический институт ; отв. ред. В. А. Кутолин 
210 |a Новосибирск  |c Наука  |d 1990 
215 |a 269 с.  |c ил.  |d 25 см 
225 1 |a Совместная советско-монгольская научно-исследовательская геологическая экспедиция  |e труды  |v Вып. 46 
300 |a Авт. указаны на обороте тит. л. 
320 |a Библиогр.: с. 259-265 
606 1 |a Габбро  |x Петрография  |2 stltpush  |3 (RuTPU)RU\TPU\subj\69007  |9 84038 
610 1 |a габброидные интрузии 
610 1 |a Западная Монголия 
610 1 |a геологические структуры 
610 1 |a габброидные формации 
610 1 |a докембрий 
610 1 |a каледонский этап 
610 1 |a герцинский этап 
610 1 |a эволюция 
610 1 |a латеральная изменчивость 
675 |a 552.321.5  |z rus  |v 4 
701 1 |a Изох  |b А. Э.  |g Андрей Эмильевич 
701 1 |a Поляков  |b Г. В.  |g Глеб Владимирович 
701 1 |a Кривенко  |b А. П.  |g Александр Петрович 
701 1 |a Богнибов  |b В. И. 
701 1 |a Баярбилэг  |b Л. 
702 1 |a Кутолин  |b В. А.  |g Владислав Алексеевич  |4 340 
712 0 2 |a Академия наук СССР (АН СССР)  |b Сибирское отделение (СО)  |b Институт геологии и геофизики (ИГиГ)  |c (Новосибирск)  |2 stltpush  |3 (RuTPU)RU\TPU\col\128 
712 0 2 |a Академия наук Монгольской Народной Республики (АН МНР)  |b Геологический институт  |2 stltpush  |3 (RuTPU)RU\TPU\col\11935 
801 0 |a RU  |b RuMRKP  |c 19950417  |g psbo 
801 1 |a RU  |b 63413507  |c 20120907 
801 2 |a RU  |b 63413507  |c 20170731  |g RCR 
942 |c BK